Haryana - State Quiz - Statistics

General Stats
  • This quiz has been taken 51 times
  • The average score is 10 of 20
Answer Stats
Hint Answer % Correct
Capital Chandigarh
93%
Official language Hindi
91%
It was a part of which state until 1966? Punjab
91%
Some of the oldest and largest settlements of this civilisation were found here {Indus} Valley
72%
Territory which is bordered on three sides by this state Delhi
65%
One the the major technology and automobile hubs of India Gurgaon
65%
Yamuna
65%
Haryana was one of the first state of India involved in this "revolution" meant to modernise agriculture {Green} Revolution
58%
Former cricketer who captained the victorious Indian team in the 1983 World Cup Kapil Dev
58%
Mountain range that starts in the southwest and extends all the way till Gujarat Aravalli
56%
Major Sanskrit epic whose story is mostly set in ancient Haryana and adjoining regions Mahabharata
56%
Unlike other parts of India, which sport is the most popular in this state? Wrestling
49%
Controversial yoga guru and businessman Baba {Ramdev}
44%
Gold medalist in free style wrestling; Aamir Khan-starrer highly successful film Dangal is based on her life Geeta Phogat
42%
Largest city Faridabad
40%
Ancient Indian sport which is very popular in this state Kabaddi
35%
Major rivers of the state Ghaggar
19%
State animal Blackbuck
16%
One of the native cattle breeds, exported in huge numbers to Australia, Africa and the Caribbean Sahiwal
12%
Versatile actor known for his roles in mainstream and independent Hindi films; regarded as one of the finest actors in the Indian cinema Om Puri
7%
No matching quizzes found
Score Distribution
Percent of People with Each Score
Percentile by Number Answered
Your Score History
You have not taken this quiz